♫ Love Yourself Lyrics - Justin Bieber ♫ [Fill the gaps] - Statistics

General Stats
  • This quiz has been taken 3,795 times
  • The average score is 20 of 28
Answer Stats
Lyrical Line % Correct
You think you {broke} my heart, oh, girl for goodness' sake
88%
And I didn't {wanna} {write} a song
87%
And, baby, I be {movin'} on
86%
Didn't see what's {going} on
84%
I don't, but you still {hit} my phone up
84%
But {now} I know,
81%
My {mama} don't like you and she likes everyone
81%
Oh, baby, you should go and {love} {yourself}
81%
And all the {clubs} you get in using my name
80%
Maybe you {should} {know} that
80%
You think I'm {crying} on my own. Well, I ain't
80%
'Cause if you like the way {you} {look} that much
79%
And I never like {to} {admit} that I was wrong
78%
'Cause I didn't want {anyone} {thinking} I still care.
77%
And if you think that I'm still {holdin'} on to somethin'
76%
And I've been so {caught} {up} in my job,
76%
You should {go} {and} love yourself
76%
I'm better {sleeping} on my own
73%
For all the times that {you} {rain} on my parade
72%
And I think you should be {somethin'} I don't wanna hold back,
68%
And when you told me that you {hated} my friends
65%
The only {problem} was with you and not them
65%
And every time you told me my {opinion} was wrong
55%
I fell in love. Now I feel {nothin'} at all
50%
And tried to make {me} {forget} where I came from
46%
For all the times that you made me {feel} {small}
39%
Was I a fool to let you {break} {down} my walls?
35%
And never felt so low when I was {vulnerable}
18%
No matching quizzes found
Score Distribution
Percent of People with Each Score
Percentile by Number Answered
Your Score History
You have not taken this quiz